Asian drama : (Record no. 136474)
[ view plain ]
| 000 -LEADER | |
|---|---|
| fixed length control field | 00658nam a2200205 4500 |
| 010 ## - LIBRARY OF CONGRESS CONTROL NUMBER | |
| LC control number | 503251 |
| 035 ## - SYSTEM CONTROL NUMBER | |
| System control number | 503251 |
| 037 ## - SOURCE OF ACQUISITION | |
| Source of stock number/acquisition | Cen Lib / Ret |
| 040 ## - CATALOGING SOURCE | |
| Original cataloging agency | DPL |
| Language of cataloging | EN |
| 082 ## - DEWEY DECIMAL CLASSIFICATION NUMBER | |
| Classification number | 338.95 |
| Item number | MYR |
| 100 ## - MAIN ENTRY--PERSONAL NAME | |
| Personal name | Myrdal, Gunnar |
| 245 ## - TITLE STATEMENT | |
| Title | Asian drama : |
| Remainder of title | an inquiry into the poverty of nations / |
| Statement of responsibility, etc | by Gunnar Myrdal |
| 260 ## - PUBLICATION, DISTRIBUTION, ETC. (IMPRINT) | |
| Place of publication, distribution, etc | London |
| Name of publisher, distributor, etc | Allen Lane the Penguin Press |
| Date of publication, distribution, etc | 1968 |
| 270 ## - ADDRESS | |
| Address | Vigo Street |
| City | London |
| 300 ## - PHYSICAL DESCRIPTION | |
| Extent | v 2. 709-1530 ; v .3. vii, 1533-2284 |
| Other physical details | 24cm(Hb) |
| 650 ## - SUBJECT ADDED ENTRY--TOPICAL TERM | |
| Topical term or geographic name as entry element | South Asia -- Economic conditions. |
| 650 ## - SUBJECT ADDED ENTRY--TOPICAL TERM | |
| Topical term or geographic name as entry element | Southeast Asia -- Economic conditions. |
| 650 ## - SUBJECT ADDED ENTRY--TOPICAL TERM | |
| Topical term or geographic name as entry element | Economics. |
| 942 ## - ADDED ENTRY ELEMENTS (KOHA) | |
| Source of classification or shelving scheme | Dewey Decimal Classification |
| Koha item type | English Books |
| Classification part | 338.95 |
| Call number suffix | MYR |
| Withdrawn status | Lost status | Materials specified (bound volume or other part) | Damaged status | Not for loan | Home library | Current library | Date acquired | Source of acquisition | Total Checkouts | Full call number | Barcode | Date last seen | Price effective from | Koha item type | Public note | Source of classification or shelving scheme |
|---|---|---|---|---|---|---|---|---|---|---|---|---|---|---|---|---|
| Written off | v 3 | Central Library | Central Library | 03/03/2016 | Cen Lib/Ret | 338.95 MYR | 503251 | 03/03/2016 | 03/03/2016 | English Books | Written off on approval by DLB (By Circulation); dtd 15-06-2023 | |||||
| Written off | v 2 | Central Library | Central Library | 05/03/2016 | Cen Lib/Ret | 338.95 MYR | 503250 | 05/03/2016 | 05/03/2016 | English Books | Written off on approval by DLB (By Circulation); dtd 15-06-2023 | Dewey Decimal Classification |
